Dictionary of Terms in Cyber Security/ (Record no. 198605)
[ view plain ]
| 000 -LEADER | |
|---|---|
| fixed length control field | 00599nam a22001697a 4500 |
| 005 - DATE AND TIME OF LATEST TRANSACTION | |
| control field | 20230927124416.0 |
| 020 ## - INTERNATIONAL STANDARD BOOK NUMBER | |
| International Standard Book Number | 97859385958168 |
| Terms of availability | 1295.00 |
| 082 ## - DEWEY DECIMAL CLASSIFICATION NUMBER | |
| Classification number | 005.8 |
| Edition number | First |
| 100 ## - MAIN ENTRY--PERSONAL NAME | |
| Personal name | Khullar, Sanchit |
| 245 ## - TITLE STATEMENT | |
| Title | Dictionary of Terms in Cyber Security/ |
| Statement of responsibility, etc | by Sanchit Khullar |
| 250 ## - EDITION STATEMENT | |
| Edition statement | First |
| 260 ## - PUBLICATION, DISTRIBUTION, ETC. (IMPRINT) | |
| Place of publication, distribution, etc | New Delhi |
| Name of publisher, distributor, etc | The Readers Paradise |
| Date of publication, distribution, etc | 2019 |
| 270 ## - ADDRESS | |
| Address | 103., 4787/23, Ansari Road, Daryaganj |
| City | New Delhi |
| Postal code | 110002 |
| Electronic mail address | thereadersparadisesales@gmail.com |
| 300 ## - PHYSICAL DESCRIPTION | |
| Extent | 250p. |
| Dimensions | 25cm(hbk) |
| 942 ## - ADDED ENTRY ELEMENTS (KOHA) | |
| Source of classification or shelving scheme | Dewey Decimal Classification |
| Item type | English Books |
| Classification part | 005.8 |
| Call number suffix | KHU |
| Withdrawn status | Lost status | Not for loan | Collection code | Home library | Current library | Date acquired | Source of acquisition | Cost, normal purchase price | Full call number | Barcode | Copy number | Cost, replacement price | Koha item type |
|---|---|---|---|---|---|---|---|---|---|---|---|---|---|
| Non-fiction | Mobile Library | Mobile Library | 27/09/2023 | GIFT/4.09.23 | 1295.00 | 005.8 KHU | B-755884 | 1 | 1295.00 | English Books |
